000 00539nam a2200157 a 4500
005 20140412111421.0
008 080105s19uu xx 00 eng d
020 _a978-0-545-01172-3
050 _aM 232.9
_bP27 2008
100 _aPaterson, Katherine
245 _aThe light of the word :
_bThe life of Jesus for children /
_cby Katherine Paterson; illustrated by Francois Roca.
260 _aNew York :
_bArthur A. Levine Books,
_cc2008.
300 _aunpaged
650 _aJesus Christ
_xBiography
_xJuvenile Literature
999 _c106027
_d106027